000 00300nam a22001337a 4500
008 170526b xxu||||| |||| 00| 0 eng d
020 _a0444274542
041 _aeng
080 _a62
100 _a25
101 _a25
245 _aSYSTEM MODELLING AND SIMULATION
_cTZAFESTAS.S
942 _2udc
_cBK
999 _c14376
_d14376